Movies Quiz

Random Movies or State Quiz

A Movie per State Quiz Stats

 Plays Quiz not verified by Sporcle

Score 0/50 Timer 10:00
0 Plays Today
% Correct
Colorado
74.1%
Florida
70.7%
New York
65.5%
Oklahoma
65.5%
Texas
65.5%
Hawaii
62.1%
Idaho
62.1%
Alaska
60.3%
Wyoming
55.2%
Washington
53.4%
Massachusetts
50%
Utah
50%
Mississippi
48.3%
Oregon
48.3%
California
46.6%
Montana
46.6%
New Jersey
46.6%
South Dakota
46.6%
Georgia
44.8%
Pennsylvania
43.1%
Kansas
39.7%
North Carolina
39.7%
Alabama
37.9%
Arkansas
37.9%
Illinois
37.9%
% Correct
Rhode Island
37.9%
Tennessee
37.9%
Virginia
37.9%
Delaware
36.2%
Minnesota
29.3%
Louisiana
25.9%
Nebraska
25.9%
West Virginia
25.9%
Connecticut
24.1%
Nevada
22.4%
Ohio
22.4%
Maryland
19%
Michigan
19%
Wisconsin
19%
Maine
17.2%
Vermont
17.2%
Arizona
15.5%
New Mexico
15.5%
Indiana
13.8%
Missouri
13.8%
South Carolina
13.8%
New Hampshire
10.3%
North Dakota
10.3%
Iowa
8.6%
Kentucky
1.7%

You're not logged in!

Compare scores with friends on all Sporcle quizzes.
OR
Log In

Show Comments

Extras

Created Mar 30, 2017ReportNominate
Tags:State Quiz, Per State

Top Quizzes Today


Score Distribution

Your Account Isn't Verified!

In order to create a playlist on Sporcle, you need to verify the email address you used during registration. Go to your Sporcle Settings to finish the process.

Report this User

Report this user for behavior that violates our Community Guidelines.

Details: